[Event "34th Chess Olympiad (women)"]
[Site "Istanbul"]
[Date "2000.10.29"]
[Round "2.1.1"]
[White "Calzetta, Monica"]
[Black "Xie, Jun"]
[WhiteElo "2282"]
[BlackElo "2568"]
[WhiteCountry "ESP"]
[BlackCountry "CHN"]
[Result "0-1"]

1. e4 e5 2. Nf3 Nc6 3. Nd4 Nf6 4. Nxc6 bxc6 5. Qe2 Qe7 6. c4 Nd5 7. b3 Ba6 
8. Bb2 Qh4 9. Kd1 Bb4 10. Qf3 Nf4 11. g3 Ne6 12. Bh3 Qe7 13. Kc2 O-O 
14. Bf5 Kh8 
0-1

[Event "34th Chess Olympiad (women)"]
[Site "Istanbul"]
[Date "2000.10.29"]
[Round "2.1.2"]
[White "Xu, Yuhua"]
[Black "Nieves, Garcia"]
[WhiteElo "2505"]
[BlackElo "2000"]
[WhiteCountry "CHN"]
[BlackCountry "ESP"]
[Result "1-0"]

1. e4 e5 2. Nf3 Nc6 3. Bc4 Nf6 4. d3 Bc5 5. O-O d6 6. c3 a6 7. Bb3 Ba7 
8. Nbd2 O-O 9. Nc4 Be6 10. Bg5 h6 11. Bh4 Bxc4 12. Bxc4 Na5 13. Nd2 Qe7 
14. Qf3 g5 15. Bg3 Nxc4 16. Nxc4 Qe6 17. Ne3 Ne8 18. Nf5 Ng7 19. h4 Qf6 
20. Qg4 Nxf5 21. exf5 Kh7 22. Rfe1 Rg8 23. Qe4 Rab8 24. hxg5 Qxg5 25. d4 Qg4 
26. Kf1 exd4 27. Qd5 dxc3 28. bxc3 Qg7 29. Re7 Qxc3 30. Qxf7+ Rg7 31. Qg6+ Kg8 
32. Qe6+ Kh7 33. Rxg7+ Qxg7 34. f6 Qg6 35. Qe7+ Kg8 36. Qxc7 Qxf6 37. Rd1 Rf8 
38. f3 Qg5 39. Qc4+ Rf7 40. Qc8+ Kh7 41. Qc2+ Kg7 42. Qc3+ Kg8 43. Rxd6 Qb5+ 
44. Qd3 Qxd3+ 45. Rxd3 Bc5 46. Be5 Bf8 47. g4 
1-0

[Event "34th Chess Olympiad (women)"]
[Site "Istanbul"]
[Date "2000.10.29"]
[Round "2.1.3"]
[White "Timon, Piote Silvia"]
[Black "Wang, Lei"]
[WhiteElo "2246"]
[BlackElo "2498"]
[WhiteCountry "ESP"]
[BlackCountry "CHN"]
[Result "0-1"]

1. d4 d5 2. c4 e6 3. Nf3 c6 4. Qc2 dxc4 5. Qxc4 b5 6. Qc2 Bb7 7. e4 Nd7 
8. Bg5 Qb6 9. Nc3 Ngf6 10. Bd3 h6 11. Bxf6 Nxf6 12. O-O Be7 13. e5 Nd7 
14. Ne4 c5 15. dxc5 Nxc5 16. Nxc5 Bxc5 17. Qe2 a6 18. Rac1 O-O 19. Bb1 Rfc8 
20. Rcd1 Bd5 21. Qd3 g6 22. b3 Rd8 23. Qe2 Qb7 24. Nh4 Qe7 25. g3 Qb7 
26. Qg4 g5 27. Qf5 Bh1 28. Qh7+ Kf8 29. Qxh6+ Ke8 30. Qh8+ Bf8 31. Rxd8+ Rxd8 
32. f3 Bxf3 
0-1

[Event "34th Chess Olympiad (women)"]
[Site "Istanbul"]
[Date "2000.10.29"]
[Round "2.2.1"]
[White "Ioseliani, Nana"]
[Black "Vijayalakshmi, Subbaraman"]
[WhiteElo "2476"]
[BlackElo "2378"]
[WhiteCountry "GEO"]
[BlackCountry "IND"]
[Result "0-1"]

1. c4 c6 2. e4 d5 3. exd5 cxd5 4. d4 Nf6 5. Nc3 e6 6. Nf3 Be7 7. cxd5 Nxd5 
8. Bd3 O-O 9. O-O Nc6 10. a3 Nxc3 11. bxc3 b6 12. Qc2 h6 13. Qe2 Qc7 14. c4 Rd8 
15. Bb2 Bf6 16. Rad1 Ba6 17. Qe4 g6 18. h4 h5 19. Bc3 Rac8 20. Rfe1 Ne7 
21. Bb4 Nf5 22. d5 exd5 23. cxd5 Bb7 24. Rc1 Qb8 25. Rxc8 Qxc8 26. Qf4 Bxd5 
27. Rc1 Qb8 28. Qxb8 Rxb8 29. Bxf5 gxf5 30. Rc7 a5 31. Bd6 Re8 32. Bf4 Kg7 
33. Be3 b5 34. Nd4 b4 35. axb4 axb4 36. Rc5 Be4 37. Nb3 Rd8 38. f3 Rd1+ 
39. Kf2 Bd5 40. Nd2 Be6 41. Ke2 Ra1 42. Rb5 b3 43. Bg5 Bxg5 44. hxg5 Kg6 
45. f4 h4 46. Rb6 Kh5 47. Ke3 Re1+ 48. Kf2 Rc1 49. Ke2 Rc3 50. Kf2 Bd5 
0-1

[Event "34th Chess Olympiad (women)"]
[Site "Istanbul"]
[Date "2000.10.29"]
[Round "2.2.2"]
[White "Meenakshi, S"]
[Black "Khurtsidze, Nino"]
[WhiteElo "2226"]
[BlackElo "2481"]
[WhiteCountry "IND"]
[BlackCountry "GEO"]
[Result "0-1"]

1. d4 Nf6 2. c4 e6 3. Nc3 Bb4 4. Qc2 c5 5. dxc5 Bxc5 6. Nf3 Qb6 7. e3 a6 
8. Be2 Qc7 9. O-O b6 10. Na4 Be7 11. Qb3 Bd8 12. Bd2 Bb7 13. Bb4 d6 
14. Rfd1 Ne4 15. Nd2 Nc5 16. Nxc5 dxc5 17. Bc3 O-O 18. Qc2 Nd7 19. Nf3 Bf6 
20. Rd2 Rad8 21. Rad1 Bxc3 22. Qxc3 Nf6 23. Qe5 Qe7 24. Rd6 Ne4 25. Rxd8 Rxd8 
26. Rxd8+ Qxd8 27. Bd3 h6 28. Ne1 Nd6 29. Kf1 g5 30. b3 f5 31. Nc2 Kf7 
32. Na3 Bc6 33. f3 b5 34. Nxb5 axb5 35. Ke1 b4 36. Qxe6+ Kxe6 37. Be2 Nf7 
38. Kf2 Ne5 39. Bd1 f4 40. Be2 Be8 41. exf4 Kd6 
0-1

[Event "34th Chess Olympiad (women)"]
[Site "Istanbul"]
[Date "2000.10.29"]
[Round "2.2.3"]
[White "Gurieli, Nino"]
[Black "Dhar-Barua, Saheli"]
[WhiteElo "2373"]
[BlackElo "2212"]
[WhiteCountry "GEO"]
[BlackCountry "IND"]
[Result "1/2-1/2"]

1. d4 d5 2. Nf3 Nf6 3. g3 e6 4. Bg2 Be7 5. O-O O-O 6. c4 c5 7. cxd5 exd5 
8. Nc3 Nc6 9. Bf4 Be6 10. Rc1 c4 11. Ne5 Rc8 12. e4 dxe4 13. Bxe4 b6 
14. Bd5 Rc7 15. a4 g6 16. g4 a6 17. h4 b5 18. axb5 axb5 19. h5 gxh5 20. gxh5 
1/2-1/2

[Event "34th Chess Olympiad (women)"]
[Site "Istanbul"]
[Date "2000.10.29"]
[Round "2.3.1"]
[White "Medic, Mirjana"]
[Black "Galliamova, Alisa"]
[WhiteElo "2294"]
[BlackElo "2526"]
[WhiteCountry "CRO"]
[BlackCountry "RUS"]
[Result "0-1"]

1. d4 d5 2. c4 c6 3. e3 Nf6 4. Nc3 e6 5. Nf3 Nbd7 6. Qc2 Bd6 7. Bd3 O-O 
8. O-O dxc4 9. Bxc4 a6 10. Bd3 c5 11. a4 Rb8 12. Rd1 h6 13. h3 Qe7 14. e4 cxd4 
15. Nxd4 Ne5 16. Be2 Bd7 17. Be3 Nc6 18. Nb3 Rfc8 19. Rac1 Be8 20. Qb1 Qc7 
21. Nd4 Bh2+ 22. Kh1 Qf4 23. Nf3 Bg1 24. Kxg1 Nxe4 25. Qxe4 Rd8 26. Bd3 Qf6 
27. b4 Ne7 28. Ne5 Nf5 29. Nd5 Rxd5 30. Rc4 Qd8 31. Ng4 Rc5 32. bxc5 Qd5 
33. Ne5 Rc8 34. Rd4 Rxc5 
0-1

[Event "34th Chess Olympiad (women)"]
[Site "Istanbul"]
[Date "2000.10.29"]
[Round "2.3.2"]
[White "Matveeva, Svetlana"]
[Black "Macek, Vlasta"]
[WhiteElo "2440"]
[BlackElo "2277"]
[WhiteCountry "RUS"]
[BlackCountry "CRO"]
[Result "1/2-1/2"]

1. d4 d5 2. c4 c6 3. Nf3 Nf6 4. Nc3 a6 5. c5 Bg4 6. Ne5 Bf5 7. Qb3 Ra7 
8. e3 Nbd7 9. f4 Nxe5 10. fxe5 Nd7 11. Be2 e6 12. O-O Be7 13. Bd2 O-O 
14. Rad1 Bg6 15. Bf3 Nb6 16. e4 Nc4 17. Na4 
1/2-1/2

[Event "34th Chess Olympiad (women)"]
[Site "Istanbul"]
[Date "2000.10.29"]
[Round "2.3.3"]
[White "Jelica, Mara"]
[Black "Stepovaia, Tatiana"]
[WhiteElo "2192"]
[BlackElo "2414"]
[WhiteCountry "CRO"]
[BlackCountry "RUS"]
[Result "0-1"]

1. e4 c5 2. Nf3 Nc6 3. d4 cxd4 4. Nxd4 Qc7 5. Nc3 e6 6. Ndb5 Qb8 7. Be2 a6 
8. Nd4 Nf6 9. Bg5 Bb4 10. Bxf6 gxf6 11. O-O Bc5 12. Nb3 Bd6 13. h3 b5 
14. Qd3 Bb7 15. Rad1 Ke7 16. Rd2 Rd8 17. Bh5 Ne5 18. Qd4 Nc4 19. Re2 Be5 
20. Qc5+ d6 21. Qb4 Bc6 22. Na5 Nxa5 23. Qxa5 b4 24. Nd1 Qb5 25. Qxb5 Bxb5 
26. Rfe1 Bxe2 27. Bxe2 Rdc8 28. Bd3 Rc5 29. Re2 Ra5 30. Bc4 Rc8 31. Bb3 Bd4 
32. Rd2 Bb6 33. Kf1 f5 34. exf5 Rxf5 35. Re2 Re5 36. Rd2 Re4 37. Nc3 Rd4 
38. Re2 Rc5 39. g3 bxc3 40. bxc3 f5 41. h4 f4 42. Kg2 fxg3 43. fxg3 Rf5 
44. Bc4 Rf3 45. Bxa6 Rxh4 46. gxh4 Re3 
0-1

[Event "34th Chess Olympiad (women)"]
[Site "Istanbul"]
[Date "2000.10.29"]
[Round "2.4.1"]
[White "Zatonskih, Anna"]
[Black "Reizniece, Dana"]
[WhiteElo "2446"]
[BlackElo "2275"]
[WhiteCountry "UKR"]
[BlackCountry "LAT"]
[Result "1/2-1/2"]

1. e4 c5 2. Nf3 e6 3. d4 cxd4 4. Nxd4 Nf6 5. Nc3 d6 6. g3 Be7 7. Bg2 Nc6 
8. Nxc6 bxc6 9. e5 Nd5 10. exd6 Bxd6 11. O-O O-O 12. Ne4 Ba6 13. Re1 Be7 
14. Bd2 Qb6 15. Qc1 f5 16. Nc3 Bc5 17. Rxe6 Bxf2+ 18. Kh1 Nb4 19. a3 Bc4 
20. Re7 Nd5 21. Nxd5 Bxd5 22. Bc3 Bd4 23. Qg5 Bxc3 24. bxc3 Bf7 25. Qxf5 Qb2 
26. Rf1 Bc4 27. Qe5 Rxf1+ 28. Bxf1 Bd5+ 29. Kg1 Qb6+ 30. Qd4 Kf8 31. Re3 Rd8 
32. Qe5 Bf7 33. Kg2 Rd2+ 34. Kh3 c5 35. Be2 Rxc2 36. Kh4 
1/2-1/2

[Event "34th Chess Olympiad (women)"]
[Site "Istanbul"]
[Date "2000.10.29"]
[Round "2.4.2"]
[White "Voronova, Tatiana"]
[Black "Vasilevich, Tatjana"]
[WhiteElo "2278"]
[BlackElo "2429"]
[WhiteCountry "LAT"]
[BlackCountry "UKR"]
[Result "1/2-1/2"]

1. e4 c5 2. Nf3 e6 3. b3 d6 4. Bb2 Nf6 5. e5 dxe5 6. Nxe5 a6 7. Bd3 Nbd7 
8. f4 Qc7 9. a4 b6 10. Na3 Bb7 11. Qe2 Be7 12. O-O O-O 13. Rae1 c4 
14. Naxc4 Nc5 15. Ne3 Nxd3 16. Nxd3 Rfe8 17. Kh1 Rad8 18. Rc1 Ne4 19. Ng4 
1/2-1/2

[Event "34th Chess Olympiad (women)"]
[Site "Istanbul"]
[Date "2000.10.29"]
[Round "2.4.3"]
[White "Sedina, Elena"]
[Black "Berzina, Ilze"]
[WhiteElo "2405"]
[BlackElo "2194"]
[WhiteCountry "UKR"]
[BlackCountry "LAT"]
[Result "1/2-1/2"]

1. e4 e5 2. Nf3 Nc6 3. Nc3 Nf6 4. Nd4 Bb4 5. Nxc6 bxc6 6. Bd3 d5 7. exd5 cxd5 
8. O-O O-O 9. Ne2 c6 10. Nd4 Bd6 11. Nf5 c5 12. Rb1 h6 13. c3 Rb8 14. Be4 Re8 
15. Bd3 Rb6 16. b3 a5 17. Bc4 Rxb3 18. a3 a4 19. Bxb3 
1/2-1/2

[Event "34th Chess Olympiad (women)"]
[Site "Istanbul"]
[Date "2000.10.29"]
[Round "2.5.1"]
[White "Tsiganova, Monika"]
[Black "Maric, Alisa"]
[WhiteElo "2225"]
[BlackElo "2435"]
[WhiteCountry "EST"]
[BlackCountry "YUG"]
[Result "0-1"]

1. d4 Nf6 2. c4 e6 3. Nf3 b6 4. e3 Bb7 5. Bd3 d5 6. cxd5 exd5 7. Nc3 Bd6 
8. b3 O-O 9. Bb2 Nbd7 10. O-O a6 11. Ne2 Qe7 12. Ng3 g6 13. Rc1 Ne4 
14. Bxe4 dxe4 15. Nd2 b5 16. Qe2 Nb6 17. Rc2 Rae8 18. Rfc1 f5 19. a4 Qd7 
20. axb5 axb5 21. Ra1 Ra8 22. Rcc1 Nd5 23. Rxa8 Rxa8 24. Ra1 Rxa1+ 25. Bxa1 Nb4 
26. Nb1 Qc6 27. Bc3 Nd3 28. Qa2 b4 29. Bd2 Qa6 30. Qc2 Bd5 31. Ne2 Qc6 
32. Qxc6 Bxc6 33. Bc1 Bd5 34. Nd2 c5 35. Nc4 Bxc4 36. bxc4 f4 37. exf4 cxd4 
38. Kf1 
0-1

[Event "34th Chess Olympiad (women)"]
[Site "Istanbul"]
[Date "2000.10.29"]
[Round "2.5.2"]
[White "Bojkovic, Natasa"]
[Black "Piarnpuu, Leili"]
[WhiteElo "2429"]
[BlackElo "2227"]
[WhiteCountry "YUG"]
[BlackCountry "EST"]
[Result "1-0"]

1. e4 e5 2. Nf3 Nc6 3. Bb5 a6 4. Ba4 Nf6 5. O-O Be7 6. Re1 b5 7. Bb3 O-O 
8. h3 d6 9. c3 Nb8 10. d4 Nbd7 11. Nbd2 Bb7 12. Bc2 Re8 13. Nf1 Bf8 14. Ng3 g6 
15. a4 Bg7 16. d5 Qb8 17. b3 c6 18. c4 bxc4 19. bxc4 a5 20. Be3 Qc7 21. Qd2 Ba6 
22. Bd3 Red8 23. Bf1 Ne8 24. Rad1 c5 25. Nxe5 f5 26. Nc6 Kh8 27. Nxd8 Be5 
28. Qc1 
1-0

[Event "34th Chess Olympiad (women)"]
[Site "Istanbul"]
[Date "2000.10.29"]
[Round "2.5.3"]
[White "Bashkite, Viktoria"]
[Black "Prudnikova, Svetlana"]
[WhiteElo "2052"]
[BlackElo "2425"]
[WhiteCountry "EST"]
[BlackCountry "YUG"]
[Result "0-1"]

1. Nf3 d5 2. e3 g6 3. c4 e6 4. Nc3 Bg7 5. d4 Ne7 6. b3 O-O 7. Ba3 Re8 
8. Be2 Nbc6 9. Rc1 a6 10. O-O b6 11. Qd2 Bb7 12. Rfd1 Qd7 13. Ne1 Rad8 
14. cxd5 exd5 15. Bf3 f6 16. h3 Nc8 17. Na4 h5 18. Bg4 Qf5 19. Qd3 Qxd3 
20. Rxd3 Kf7 21. Rdc3 Bh6 22. Nd3 Re6 23. Nb4 Bf8 24. Nxc6 Rxc6 25. Rxc6 Bxc6 
0-1

[Event "34th Chess Olympiad (women)"]
[Site "Istanbul"]
[Date "2000.10.29"]
[Round "2.6.1"]
[White "Madl, Ildiko"]
[Black "Cmilyte, Viktorija"]
[WhiteElo "2418"]
[BlackElo "2335"]
[WhiteCountry "HUN"]
[BlackCountry "LTU"]
[Result "0-1"]

1. e4 c5 2. Nf3 e6 3. d4 cxd4 4. Nxd4 Nc6 5. Nb5 d6 6. c4 Nf6 7. N1c3 a6 
8. Na3 Be7 9. Be2 b6 10. O-O O-O 11. Be3 Ne5 12. f4 Ned7 13. Bf3 Bb7 
14. Qe2 Rc8 15. Rac1 Rc7 16. Nab1 Qc8 17. b3 Qa8 18. Bf2 Rfc8 19. a4 Bf8 
20. Rce1 Nc5 21. Nd2 d5 22. e5 Nfe4 23. Ndxe4 dxe4 24. Nxe4 Nxb3 25. Nd6 Bxf3 
26. gxf3 Bxd6 27. exd6 Rd7 28. Bxb6 Rxd6 29. a5 Nd2 30. c5 Rd5 31. Rf2 Nb3 
32. Qc4 Nxa5 33. Qa4 Nb7 34. Rc2 Nxc5 35. Qc4 Qc6 36. Rb1 Qb7 37. Rb4 Qd7 
38. Kf2 g6 39. Kg3 Na4 40. Rxa4 Rc6 41. Ra5 Kg7 42. Kg4 Kf6 43. h3 h6 
44. Ra1 Ke7 45. h4 Rdc5 46. Qxc5+ Rxc5 47. Ra4 a5 48. h5 gxh5+ 
0-1

[Event "34th Chess Olympiad (women)"]
[Site "Istanbul"]
[Date "2000.10.29"]
[Round "2.6.2"]
[White "Varniene, Rita"]
[Black "Lakos, Nikoletta"]
[WhiteElo "2190"]
[BlackElo "2327"]
[WhiteCountry "LTU"]
[BlackCountry "HUN"]
[Result "1/2-1/2"]

1. d4 Nf6 2. c4 e6 3. Nc3 Bb4 4. Qc2 O-O 5. a3 Bxc3+ 6. Qxc3 b6 7. Nf3 Bb7 
8. e3 d6 9. Be2 Nbd7 10. O-O Ne4 11. Qc2 f5 12. b4 Rf6 13. Bb2 Rh6 14. Rad1 Ng5 
15. d5 Nxf3+ 16. Bxf3 Qh4 17. h3 Ne5 18. Be2 Rg6 19. Kh1 Qg5 20. g3 c6 
21. h4 Rh6 22. Bxe5 dxe5 23. Kh2 cxd5 24. f4 exf4 25. exf4 Qe7 26. cxd5 Bxd5 
27. Bf3 Qd7 28. Rfe1 Rc8 29. Qd3 Rd8 30. Re5 Qb7 31. Bxd5 exd5 32. Rxd5 Rxd5 
33. Qxd5+ Qxd5 34. Rxd5 Rf6 
1/2-1/2

[Event "34th Chess Olympiad (women)"]
[Site "Istanbul"]
[Date "2000.10.29"]
[Round "2.6.3"]
[White "Gara, Anita"]
[Black "Batyte, Daiva"]
[WhiteElo "2291"]
[BlackElo "2164"]
[WhiteCountry "HUN"]
[BlackCountry "LTU"]
[Result "1-0"]

1. e4 e6 2. d4 d5 3. Nc3 Nf6 4. Bg5 Be7 5. e5 Nfd7 6. Bxe7 Qxe7 7. f4 a6 
8. Nf3 c5 9. Qd2 Nc6 10. dxc5 Qxc5 11. O-O-O b5 12. Ne2 Nb6 13. Ned4 Bd7 
14. Nxc6 Bxc6 15. Nd4 Nc4 16. Bxc4 bxc4 17. h4 Bd7 18. h5 Rb8 19. Rh3 a5 
20. Qc3 Qb4 21. g4 O-O 22. f5 Rb6 23. Rf1 Qxc3 24. Rxc3 Rfb8 25. b3 a4 
26. Rff3 axb3 27. axb3 cxb3 28. Rxb3 h6 29. Rxb6 Bc8 30. Nb5 Bd7 31. Nd6 exf5 
32. Nxf7 d4 33. Nd6 
1-0

[Event "34th Chess Olympiad (women)"]
[Site "Istanbul"]
[Date "2000.10.29"]
[Round "2.7.1"]
[White "Moncayo, Evelyn"]
[Black "Hoang, Thanh"]
[WhiteElo "2135"]
[BlackElo "2489"]
[WhiteCountry "ECU"]
[BlackCountry "VIE"]
[Result "0-1"]

1. e4 e6 2. d4 d5 3. Nc3 Nf6 4. Bg5 Bb4 5. e5 h6 6. Bd2 Bxc3 7. Bxc3 Ne4 
8. Qg4 g6 9. Bd3 Nxc3 10. bxc3 c5 11. dxc5 Qc7 12. Qd4 O-O 13. Nf3 Nd7 
14. O-O Nxc5 15. Qh4 Kh7 16. c4 dxc4 17. Bxc4 b6 18. Rfe1 Bb7 19. Nd4 Rad8 
20. Rad1 a6 21. Re3 Rd7 22. Rh3 h5 23. Qg5 Ne4 24. Rxh5+ Kg8 25. Qg4 Qxc4 
26. c3 Qd5 27. Rd3 Nf6 28. exf6 Qxh5 29. Qf4 e5 30. Qd2 exd4 31. Rh3 dxc3 
0-1

[Event "34th Chess Olympiad (women)"]
[Site "Istanbul"]
[Date "2000.10.29"]
[Round "2.7.2"]
[White "Vo, Hong Phuong"]
[Black "Vasquez, Rocio"]
[WhiteElo "2261"]
[BlackElo "2235"]
[WhiteCountry "VIE"]
[BlackCountry "ECU"]
[Result "0-1"]

1. e4 c5 2. Nf3 e6 3. d4 cxd4 4. Nxd4 Nc6 5. Nc3 Qc7 6. Be3 a6 7. Bd3 Nf6 
8. O-O b5 9. a3 Be7 10. Kh1 Bb7 11. f3 Na5 12. Qd2 O-O 13. Qf2 Qc4 14. Nb3 d5 
15. Rfd1 Bc5 16. Nxc5 Bc6 17. b3 dxe4 18. bxc4 exd3 19. Rxd3 Bd5 20. cxb5 Rfc8 
21. Rd2 Rab8 22. N5a4 Rc4 23. Rd3 Rbc8 24. Kg1 Kf8 25. Rad1 Nd7 26. Nxd5 Ne5 
27. Ndb6 Rxa4 28. Nxc8 Nxd3 29. Bc5+ Nxc5 30. b6 Rxa3 31. Nd6 Ke7 32. c4 Ncb3 
0-1

[Event "34th Chess Olympiad (women)"]
[Site "Istanbul"]
[Date "2000.10.29"]
[Round "2.7.3"]
[White "Alcivar, Ingrid"]
[Black "Le, Kieu Thien Kim"]
[WhiteElo "2127"]
[BlackElo "2331"]
[WhiteCountry "ECU"]
[BlackCountry "VIE"]
[Result "0-1"]

1. e4 Nf6 2. Nc3 d5 3. Nxd5 Qxd5 4. d4 Nc6 5. Be3 Qe5 6. c3 Be6 7. Nf3 Qc5 
8. Nd2 Rd8 9. Be2 Bf5 10. h3 b5 11. g4 b4 12. c4 Bg6 13. f4 Nxd4 14. Nb1 
0-1

[Event "34th Chess Olympiad (women)"]
[Site "Istanbul"]
[Date "2000.10.29"]
[Round "2.8.1"]
[White "Hunt, Harriet"]
[Black "Geldyeva, Mexnri"]
[WhiteElo "2454"]
[BlackElo "2283"]
[WhiteCountry "ENG"]
[BlackCountry "TKM"]
[Result "1-0"]

1. e4 e5 2. Nf3 Nf6 3. Nxe5 d6 4. Nf3 Nxe4 5. Nc3 d5 6. Qe2 Be7 7. Qxe4 O-O 
8. Bc4 Re8 9. Ne5 Rf8 10. O-O Nd7 11. d4 Nf6 12. Qd3 c6 13. Re1 a5 14. Bd2 Be6 
15. a3 Qc7 16. Qf3 Rad8 17. Rad1 b5 18. Bb3 Bc8 19. Nxf7 Qd6 20. Nxb5 cxb5 
21. Qxf6 gxf6 
1-0

[Event "34th Chess Olympiad (women)"]
[Site "Istanbul"]
[Date "2000.10.29"]
[Round "2.8.2"]
[White "Atbashieva, Guldjahan"]
[Black "Houska, Jovanka"]
[WhiteElo "2243"]
[BlackElo "2279"]
[WhiteCountry "TKM"]
[BlackCountry "ENG"]
[Result "0-1"]

1. c4 c6 2. Nf3 d5 3. b3 Bg4 4. e3 Nd7 5. Bb2 e6 6. Be2 Ngf6 7. O-O Be7 
8. d3 O-O 9. Nbd2 a5 10. h3 Bh5 11. e4 dxe4 12. dxe4 Nc5 13. Ne5 Bxe2 
14. Qxe2 Qc7 15. Ba3 Ncxe4 16. Nxe4 Bxa3 17. Rad1 Rad8 18. c5 Rd5 19. Rd3 Qe7 
20. Rfd1 Rfd8 21. Qe3 Kf8 22. h4 Qd7 23. Rxd5 cxd5 24. Qf3 Qe7 25. Nc3 d4 
26. Ne4 Bxc5 27. Nxc5 Qxc5 28. Qf5 Kg8 29. h5 Qd6 30. Rd3 Qd7 31. Qe4 Qd5 
32. Rg3 Rd7 33. h6 d3 34. hxg7 d2 35. Kh2 Rc7 
0-1

[Event "34th Chess Olympiad (women)"]
[Site "Istanbul"]
[Date "2000.10.29"]
[Round "2.8.3"]
[White "Richards, Heather"]
[Black "Ovezova, Maisa"]
[WhiteElo "2109"]
[BlackElo "2174"]
[WhiteCountry "ENG"]
[BlackCountry "TKM"]
[Result "1-0"]

1. e4 c6 2. d4 d5 3. f3 dxe4 4. fxe4 e5 5. Nf3 exd4 6. Bc4 Nf6 7. Ng5 Be6 
8. Bxe6 fxe6 9. O-O e5 10. c3 h6 11. Ne6 Qd7 12. Qb3 Bd6 13. cxd4 exd4 
14. e5 Bxe5 15. Re1 Ng4 16. h3 Ne3 17. Bxe3 dxe3 18. Rxe3 Qd6 19. Na3 Nd7 
20. Rd1 Qb8 21. Nxg7+ Kd8 22. Rxd7+ Kxd7 23. Qe6+ Kc7 24. Qxe5+ Kc8 
25. Qf5+ Kd8 26. Rd3+ 
1-0

[Event "34th Chess Olympiad (women)"]
[Site "Istanbul"]
[Date "2000.10.29"]
[Round "2.9.1"]
[White "Grosar, Kiti"]
[Black "Voiska, Margarita"]
[WhiteElo "2223"]
[BlackElo "2330"]
[WhiteCountry "SLO"]
[BlackCountry "BUL"]
[Result "1/2-1/2"]

1. e4 g6 2. d4 Bg7 3. Nc3 c6 4. Be3 d5 5. Qd2 dxe4 6. Nxe4 Bf5 7. Ng3 Be6 
8. Nf3 Bd5 9. Be2 Nd7 10. O-O Bxf3 11. Bxf3 Ngf6 12. c4 O-O 13. Rad1 e6 
14. Bh6 a5 15. Bxg7 Kxg7 16. Qc3 Qb6 17. h4 Qb4 18. a3 Qxc3 19. bxc3 Rab8 
20. Be4 b5 21. Bf3 Nd5 22. c5 Rfd8 23. Rd3 h6 24. Rb1 h5 25. Be4 Rbc8 
26. f4 N5f6 27. Bf3 a4 28. Rd2 
1/2-1/2

[Event "34th Chess Olympiad (women)"]
[Site "Istanbul"]
[Date "2000.10.29"]
[Round "2.9.2"]
[White "Velcheva, Maria"]
[Black "Licina, Anita"]
[WhiteElo "2302"]
[BlackElo "2200"]
[WhiteCountry "BUL"]
[BlackCountry "SLO"]
[Result "1/2-1/2"]

1. e4 c5 2. Nf3 Nc6 3. d4 cxd4 4. Nxd4 Nf6 5. Nc3 d6 6. f3 e5 7. Nb3 Be7 
8. Be3 O-O 9. Qd2 a5 10. Bb5 Be6 11. Nd5 Bxd5 12. exd5 Nb8 13. O-O a4 
14. Nc1 Qa5 15. Qd3 Bd8 16. Kh1 Bb6 17. Bd2 Qa7 18. Bg5 Nbd7 19. Bxd7 Nxd7 
20. Be7 Nc5 21. Qe2 Rfe8 22. Bxd6 a3 23. bxa3 Rad8 24. Bxc5 Bxc5 25. c4 b5 
26. Nb3 Bxa3 27. cxb5 Rxd5 28. Rad1 Red8 29. Rxd5 Rxd5 30. Rd1 Rxd1+ 
31. Qxd1 Be7 32. Qe2 Bd6 33. Qd2 Be7 34. g3 g6 35. Kg2 h5 36. Qa5 Qe3 
37. Qd2 Qa7 38. Qa5 Qe3 39. Qa8+ Kh7 40. Qe4 Qc3 41. Qd5 Kg7 42. Qd2 Qc4 
43. b6 Qb5 44. Qe3 Bd8 45. a4 
1/2-1/2

[Event "34th Chess Olympiad (women)"]
[Site "Istanbul"]
[Date "2000.10.29"]
[Round "2.9.3"]
[White "Mihevc Mohr, Narcisa"]
[Black "Aleksieva, Silvia"]
[WhiteElo "2170"]
[BlackElo "2351"]
[WhiteCountry "SLO"]
[BlackCountry "BUL"]
[Result "0-1"]

1. e4 c5 2. Nf3 d6 3. d4 cxd4 4. Nxd4 Nf6 5. Nc3 a6 6. g3 e6 7. Bg2 Be7 
8. O-O Qc7 9. a4 Nc6 10. Kh1 O-O 11. h3 Re8 12. f4 Rb8 13. g4 Nxd4 14. Qxd4 b6 
15. Qf2 Nd7 16. Be3 Bf8 17. Rad1 Bb7 18. f5 exf5 19. Nd5 Bxd5 20. Rxd5 f4 
21. Qxf4 Ne5 22. Qf2 Rec8 23. c3 b5 24. axb5 axb5 25. Rfd1 b4 26. cxb4 Rxb4 
27. Bd4 Ng6 28. Bc3 Rc4 29. Ra1 Rc5 30. Rd4 Qe7 31. Rad1 h5 32. Rd5 hxg4 
33. hxg4 Rxd5 34. exd5 Qg5 35. Rd4 Be7 36. Bd2 Qe5 37. Bc3 Bh4 38. Qf5 Rxc3 
39. bxc3 Qe1+ 40. Bf1 Bf2 41. Qd3 Bxd4 42. cxd4 Qh4+ 43. Bh3 Nf4 44. Kh2 Nxd5 
45. Qe3 Nxe3 46. d5 g5 
0-1

[Event "34th Chess Olympiad (women)"]
[Site "Istanbul"]
[Date "2000.10.29"]
[Round "2.10.1"]
[White "Khegai, Angela"]
[Black "Eidelson, Rakhil"]
[WhiteElo "2234"]
[BlackElo "2360"]
[WhiteCountry "UZB"]
[BlackCountry "BLR"]
[Result "0-1"]

1. d4 Nf6 2. Nf3 g6 3. c4 Bg7 4. Nc3 O-O 5. e4 d6 6. Be2 Na6 7. O-O e5 
8. d5 Nc5 9. Qc2 a5 10. Nd2 Bg4 11. f3 Bd7 12. b3 Nh5 13. Rd1 Nf4 14. Bf1 Qg5 
15. Ndb1 f5 16. Kh1 Nxe4 17. fxe4 Qh4 18. Re1 Nh5 19. Na3 Rfb8 20. Kg1 Rf8 
21. Be3 Nf4 22. Kh1 Nh5 23. Rec1 Bh6 24. h3 Bf4 25. Kg1 Ng3 26. Bd3 Qxh3 
27. Kf2 Nxe4+ 28. Bxe4 Qh2 29. Kf3 Bg3 30. Re1 Bxe1 31. Bxf5 Qg3+ 32. Ke2 Qf2+ 
33. Kd1 Qe2+ 34. Kxe2 Bh4 35. Be4 Rf3 36. Kxf3 Bg5 37. Kf2 Kf7 
0-1

[Event "34th Chess Olympiad (women)"]
[Site "Istanbul"]
[Date "2000.10.29"]
[Round "2.10.2"]
[White "Popova, Natalija"]
[Black "Khamrakulova, Iroda"]
[WhiteElo "2297"]
[BlackElo "2177"]
[WhiteCountry "BLR"]
[BlackCountry "UZB"]
[Result "1/2-1/2"]

1. e4 c5 2. Nf3 Nc6 3. d4 cxd4 4. Nxd4 g6 5. c4 Bg7 6. Be3 Nf6 7. Nc3 d6 
8. Be2 O-O 9. O-O Bd7 10. Rc1 Nxd4 11. Bxd4 Bc6 12. f3 Bh6 13. Rc2 Nd7 
14. b4 b6 15. Bd3 Ne5 16. f4 Nxd3 17. Qxd3 f5 18. Rcf2 fxe4 19. Nxe4 Qd7 
20. Nc3 Rfd8 21. Ne2 Bxf4 22. Nxf4 Rdb8 23. Re1 Rf8 24. g3 Rf7 25. Rfe2 Bb5 
26. Re5 Bxc4 27. a3 Kg7 28. h4 dxe5 29. Rxe5 b5 30. Rg5+ Kf8 31. Rc5 Bb3 
32. Rc1 e6 33. Rc3 Ba2 34. Nh5 Ke7 35. Nf4 Bb1 36. Kf2 Ba2 37. Rc6 
1/2-1/2

[Event "34th Chess Olympiad (women)"]
[Site "Istanbul"]
[Date "2000.10.29"]
[Round "2.10.3"]
[White "Levushkina, E"]
[Black "Zagorskaya, Tatiana"]
[WhiteElo "2103"]
[BlackElo "2125"]
[WhiteCountry "UZB"]
[BlackCountry "BLR"]
[Result "1-0"]

1. e4 e5 2. Nf3 Nc6 3. Nc3 Nf6 4. d4 exd4 5. Nxd4 Bb4 6. Nxc6 bxc6 7. Bd3 d5 
8. exd5 cxd5 9. O-O O-O 10. Bg5 c6 11. Na4 Be6 12. c3 Be7 13. Re1 Qc7 
14. Bh4 c5 15. Bc2 Rfd8 16. Qd3 Ne4 17. Bxe7 Qxe7 18. Qe3 Rac8 19. Bxe4 dxe4 
20. Qxe4 Qd7 21. b3 c4 22. Qc2 Qb5 23. Qe2 a6 24. Nb2 cxb3 25. c4 Qg5 
26. h4 Qh6 27. axb3 Rd2 28. Qe5 Qxh4 29. Qe4 Re2 30. Qxe2 Rc6 31. Qf3 Bd7 
32. Qd5 Qe7 33. Rad1 Be8 34. Nd3 Rd6 35. Qa8 Re6 36. Nf4 g5 37. Kh2 Kg7 
38. g3 Qa7 39. Nd5 Bd7 40. Qxa7 Re3 41. Qxe3 Bg4 42. Qd4+ f6 43. Qa7+ Kh6 
44. Qb6 Kg7 45. Qa7+ Kh6 46. Qc5 Kg7 47. Qe7+ Kg6 48. Qe8+ Kg7 49. Qe7+ Kg6 
1-0

[Event "34th Chess Olympiad (women)"]
[Site "Istanbul"]
[Date "2000.10.29"]
[Round "2.11.1"]
[White "Peng, Zhaoqin"]
[Black "Phan-Koshnitsky, Ngan"]
[WhiteElo "2403"]
[BlackElo "2157"]
[WhiteCountry "NED"]
[BlackCountry "AUS"]
[Result "1-0"]

1. d4 Nf6 2. Nf3 g6 3. c4 Bg7 4. Nc3 d6 5. e4 O-O 6. Be2 Na6 7. O-O c6 
8. a3 Nc7 9. d5 e5 10. b4 Nh5 11. Re1 cxd5 12. cxd5 f5 13. Qb3 Ne8 14. Ng5 Nef6 
15. Bf4 Nxf4 16. Rac1 Be6 17. dxe6 Kh8 18. Rcd1 Qe7 19. exf5 gxf5 20. Bf3 e4 
21. Ngxe4 fxe4 22. Nxe4 N6d5 23. Qxd5 b6 24. Qb7 Rg8 
1-0